000 00686nam a2200253 i 4500
001 C2-0283603
003 PPAK
005 20180728013610.0
008 071121s2003 ohua|||| ||||| | eng d
020 _a0715314963
040 _aPPAK
_beng
_cPPAK
_erda
082 0 4 _a745.594
_223
090 0 0 _a745.594
_bOPR
_dR
100 1 _aO'Prey, Lizzie,
_eauthor
245 1 0 _aBox frame magic
264 1 _aOhio :
_bDavid & Charles ,
_c2003
300 _a104 pages :
_bcolour illustrations ;
_c29 cm
336 _2rdacontent
_atext
337 _2rdamedia
_aunmediated
338 _2rdacarrier
_avolume
500 _aIncludes index
650 1 0 _aPicture frames and framing
942 _ddc
_cB
999 _c89627
_d89627